Statistiques concernant Les 75 plus grandes Aires Urbaines du Monde (2019)

Cliquez ici pour prendre le quiz!

Statistiques générales

  • Ce quiz a été pris 61 fois
  • Le résultat moyen est 55 sur 75

Statistiques - réponses

RangPaysAire Urbaine% Correct
3.IndeDelhi
100%
9.ÉgypteLe Caire
100%
26.Royaume-UniLondres
100%
16.États-UnisLos Angeles
100%
8.États-UnisNew York
100%
4.Corée du SudSéoul
100%
1.JaponTokyo
100%
2.IndonésieJakarta
98%
14.JaponKeihanshin (Osaka/Kyoto/Kobe)
98%
23.RussieMoscou
98%
34.FranceParis
98%
11.ChinePékin
98%
6.ChineShanghai
98%
5.IndeBombay
96%
22.ArgentineBuenos Aires
96%
24.TurquieIstanbul
96%
7.PhilippinesManille
96%
61.Pays-BasRandstad (Amsterdam/La Haye/Rotterdam)
96%
13.MexiqueMexico
95%
12.BrésilSão Paulo
95%
63.AlgérieAlger
93%
15.ThaïlandeBangkok
93%
43.PérouLima
93%
52.ItalieMilan
93%
36.BrésilRio de Janeiro
93%
57.SingapourSingapour
93%
21.IranTéhéran
93%
46.États-UnisChicago
89%
42.ColombieBogota
87%
47.États-UnisWashington
87%
31.IrakBagdad
85%
17.BangladeshDacca
85%
65.Viêt NamHanoï
85%
29.Afrique du SudGauteng (Johannesburg/Pretoria)
84%
55.MalaisieKuala Lumpur
84%
56.États-UnisBoston
82%
37.République Démocratique du CongoKinshasa
82%
10.NigeriaLagos
82%
51.KenyaNairobi
82%
66.ChiliSantiago
82%
48.TaiwanTaipei
82%
18.IndeCalcutta
80%
38.AllemagneRhin-Ruhr
80%
49.États-UnisSan Francisco - San José
80%
72.États-UnisPhiladelphie
78%
64.États-UnisDallas
76%
67.ChineHong Kong
75%
60.PakistanIslamabad - Rawalpindi
75%
33.ChineCanton
73%
28.Viêt NamHô-Chi-Minh-Ville
69%
73.États-UnisHouston
69%
19.PakistanKarachi
65%
59.Corée du SudBusan
60%
71.SoudanKhartoum
60%
53.AngolaLuanda
60%
45.ChineWuhan
60%
35.PakistanLahore
56%
39.JaponNagoya
55%
44.ChineShenzhen
51%
30.IndeBangalore
49%
68.BirmanieRangoon
47%
32.IndeChennai
42%
20.ChineChongqing
42%
25.IndeHyderabad
40%
40.ChineTianjin
36%
27.ChineChengdu
35%
50.IndonésieBandung
27%
41.IndonésieSurabaya
27%
74.ChineNankin
25%
58.IndeAhmedabad
20%
62.PakistanFaisalabad
20%
70.IndonésieSemarang
15%
75.ChineShenyang
15%
54.ChineDongguan
11%
69.ChineFoshan
9%

Distribution des résultats

Percentile par nombre de réponses

% des personnes avec chaque résultat

Votre développement - résultats

Vous n’avez pas pris ce quiz